All Neos Destinations (2024) - Statistics

General Stats
  • This quiz has been taken 58 times
  • The average score is 53 of 76
Answer Stats
Hint Answer % Correct
Canada Toronto
100%
Egypt Cairo
95%
Italy Rome
92%
Kazakhstan Almaty
89%
Jordan Amman
89%
Greece Athens
89%
Hungary Budapest
89%
Portugal Lisbon
89%
Italy Milan (MXP)
89%
israel Tel Aviv
89%
Spain Barcelona
86%
Italy Bari
86%
Mexico Cancun
86%
Senegal Dakar
86%
Germany Dusseldorf
86%
Germany Frankfurt
86%
Cuba Havana
86%
Maldives Male
86%
Jamaica Montego Bay
86%
Italy Naples
86%
United States New York (JFK)
86%
Portugal Porto
86%
Iceland Reykjavik
86%
Cape Verde Sal
86%
Mauritius Mauritius
84%
Spain Palma de Mallorca
84%
Georgia Tbilisi
84%
Spain Alicante
81%
Germany Hamburg
81%
Tanzania Zanzibar
81%
Spain Gran Canaria
78%
Egypt Hurghada
78%
Spain Ibiza
78%
Italy Bologna
76%
Italy Cagliari
76%
Greece Corfu
76%
Portugal Funchal
76%
Greece Heraklion
76%
Italy Palermo
76%
Italy Pisa
76%
Greece Rhodes
76%
Spain Tenerife (South)
76%
Italy Verona
76%
Egypt Luxor
73%
Kenya Mombasa
73%
Egypt Sharm el-Sheikh
73%
Tunisia Djerba
70%
Spain Lanzarote
70%
Spain Menorca
70%
Italy Olbia
70%
Spain Fuerteventura
68%
Greece Kos
68%
Oman Salalah
65%
Italy Alghero
59%
Italy Bergamo
59%
Italy Brindisi
59%
Egypt Marsa Alam
59%
Italy Rimini
59%
Italy Lamezia Terme
57%
Italy Ancona
54%
Cape Verde Boa Vista
54%
Italy Pescara
54%
Tunisia Monastir
51%
Greece Samos
51%
Tunisia Enfidha
46%
Madagascar Nosy Be
46%
China Nanjing
43%
Bahamas Freeport
41%
Cuba Holguin
41%
Greece Karpathos
41%
Dominican Republic La Romana
41%
Iceland Akureyri
35%
Greece Araxos (Patras)
32%
Italy Comiso
27%
Egypt Mersa Matruh
16%
Greece Mkyonos
3%
No matching quizzes found
Score Distribution
Percent of People with Each Score
Percentile by Number Answered
Your Score History
You have not taken this quiz